Govt. of
Madhya Pradesh

Prelims Possible IAS एवं राज्‍य PCS250+ सॉल्‍वड भारतीय अर्थव्‍यवस्‍था 2024 चैप्‍टरवाइस टॉपिकवाइज 2023-1990 (Record no. 67073)

MARC details
000 -LEADER
fixed length control field 00644nam a22001577a 4500
003 - CONTROL NUMBER IDENTIFIER
control field macl
005 - DATE AND TIME OF LATEST TRANSACTION
control field 20241018162154.0
008 - FIXED-LENGTH DATA ELEMENTS--GENERAL INFORMATION
fixed length control field 241018b |||||||| |||| 00| 0 eng d
040 ## - CATALOGING SOURCE
Transcribing agency macl
082 ## - DEWEY DECIMAL CLASSIFICATION NUMBER
Classification number 330
100 ## - MAIN ENTRY--PERSONAL NAME
Personal name राजन,डॉ राजेश,रवि शंकर
9 (RLIN) 82534
245 ## - TITLE STATEMENT
Title Prelims Possible IAS एवं राज्‍य PCS250+ सॉल्‍वड भारतीय अर्थव्‍यवस्‍था 2024 चैप्‍टरवाइस टॉपिकवाइज 2023-1990
260 ## - PUBLICATION, DISTRIBUTION, ETC. (IMPRINT)
Place of publication, distribution, etc. Dehli
Name of publisher, distributor, etc. Arihant Pub.
Date of publication, distribution, etc. 2024
650 ## - SUBJECT ADDED ENTRY--TOPICAL TERM
Topical term or geographic name as entry element अर्थव्‍यवस्‍था
942 ## - ADDED ENTRY ELEMENTS (KOHA)
Source of classification or shelving scheme
Koha item type Competitive Books
Holdings
Withdrawn status Lost status Source of classification or shelving scheme Damaged status Not for loan Home library Current library Date acquired Cost, normal purchase price Total Checkouts Full call number Barcode Date last seen Date last checked out Price effective from Koha item type
          MACL MACL 18/10/2024 475.00 2 330 DPI002267 02/01/2026 29/11/2025 18/10/2024 Competitive Books